000 03269nam a22004817a 4500
001 DVD-007693-701
005 20110823164111.0
007 vd cvaiz|
008 021024s2001 ii 174 vlhin
010 _aDVD-007693-701
024 _aDHIF-1517S
_c349.00
035 _aDVD-007693-701
040 _aDLC
_cDLC
_dDLC
_eamim
082 _aDVD NAYA
245 0 0 _aB.R. Films Naya daur /
_cdirected & produced by B.R. Chopra.
246 3 0 _aNaya daur
257 _aIndia.
260 _aNew Delhi :
_bMoser Baer Entertainment,
_c2010.
300 _a1 videodisc of 1 (DVD) (ca. 174 min.) :
_bsd., col. ;
_c4 3/4 in.
_3viewing copy.
440 _aB R Chopra, 6 classics from BR Films: 5
_933462
500 _aOriginally produced as motion picture.
500 _aSources used: videodisc container; cataloging record from OvOp field office.
508 _aMusic, O.P. Nayyar.
511 1 _aDilip Kumar, Vyajayantimala, Ajit, Johney Walker.
520 _aA story of two brothers and their struggles to come to terms with the modernization of society and their struggle to be successful in the new economy.
538 _aDolby Digital 5.1 - Hindi Subtitles: English
538 _aThis DVD can be played back on DVD Players, multimedia systems & PC with MPEG card interactive with version 2.0 players.
541 _3viewing copy;
546 _aIn Hindi, with English subtitles.
650 _aMotion picture
_933463
700 1 _aNayyar, O. P.
_933464
942 _2ddc
_cCF
_hDVD
_mNAYA
999 _c55849
_d55849